000
00295nam a22001217a 4500
008
180425b xxu||||| |||| 00| 0 eng d
041
_a
eng
080
_a
043.3
100
_a
0
101
_a
INI-BA
245
_a
Skelet ne Objektin Banesor B+P+7 ne Lagjen Arberia
_c
Krasniqi, K
942
_2
udc
_c
BK
999
_c
45489
_d
45489